| 000 | 00369nam a2200145Ia 4500 | ||
|---|---|---|---|
| 008 | 230917s9999||||xx |||||||||||||| ||und|| | ||
| 040 |
_e129073 _aMAIN |
||
| 041 | _aEnglish | ||
| 082 | _a343.53 B819A | ||
| 100 | _aBrownmiller, Susan | ||
| 245 | 0 | _aAgainst our will: men, women and rape | |
| 260 |
_aEngland _bPrnguin Book _c1977 |
||
| 300 | _a472p. p. | ||
| 942 | _cBK | ||
| 999 |
_c191280 _d191280 |
||